| 000 | 00591nam a22001817a 4500 | ||
|---|---|---|---|
| 999 |
_c184169 _d184169 |
||
| 005 | 20220113161841.0 | ||
| 010 | _aENG-131114 | ||
| 020 |
_a978-93-5442-048-1 _c700.00 |
||
| 035 | _aEN-114646 | ||
| 037 | _bDBAD | ||
| 082 | _a954.84 | ||
| 100 | _aPingle, Gautam | ||
| 245 |
_aThe Formation and History of Telangana: _bA collection of Nine Critical Essays/ _cGautam Pingle |
||
| 260 |
_aTelangana _bOrient Blackswan Private Limited _c2020 |
||
| 270 |
_bTelangana _a3-6-752 Himayatnagar _e500029 |
||
| 300 |
_axix, 273p. _c21cm(pbk) _bIndex |
||
| 942 |
_2ddc _cEN _h954.84 _mPIN |
||